| 000 | 00402cam a2200157ua 4500 | ||
|---|---|---|---|
| 020 | _a0 87201 568 8 | ||
| 041 |
_aeng _h |
||
| 082 |
_a028.71621 _bCOL/MU |
||
| 100 | _aCollier, Samuel L . | ||
| 245 |
_aMud pump hand book / _cSamuel L Collier. _hTextual Documents |
||
| 260 |
_aLondon : _bGulf Publishing Company , _c1983. |
||
| 300 | _a244 ; . | ||
| 504 | _a | ||
| 942 | _cBK | ||
| 999 |
_c5411 _d5411 |
||